Statistics for Island Countries that Start with Letter M

Click here to take the quiz!

General Stats

  • This quiz has been taken 74 times
  • The average score is 5 of 5

Answer Stats

Country% Correct
Madagascar
94%
Malta
93%
Maldives
91%
Mauritius
91%
Marshall Islands
81%

Score Distribution

Percentile by Number Answered

Percent of People with Each Score

Your Score History

You have not taken this quiz